00786 a2200193 45000010006000000050017000060080041000230030015000640400040000790800048001192450078001670200022002452640055002673000019003225050125003410410008004661000023004748560095004975925820260407155846.0260407a2018 arg spa dAR-UNSa-BCEJYS aAR-UNSa-BCEJYSbspacAR-UNSa-BCEJYS a314xDemografía. Estudios de población 10a¡7500 millones de personas!pqué es y para qué sirve la demografía a978-987-629-836-0 1aBuenos Aires :bSiglo XXI Editores Argentinac2018 a125 p.c19 cm. a1. La bola de nieve - 2. Morimos menos que ayer y más que mañana - 3. La descendencia - 4. Haciendo camino al andar  aspa1 aPaz, Jorge Augusto41uhttps://biblioeco.unsa.edu.ar/pmb/images/libros/L129023.jpgyImagen de portadaqimage/jpeg